| 000 | 00627nam a2200205Ia 4500 | ||
|---|---|---|---|
| 003 | GCL | ||
| 008 | 140319s9999 xx 000 0 ara d | ||
| 040 |
_aGCL / _cGCL |
||
| 082 | 0 | 4 |
_a621.30142 _bم ا |
| 100 | 1 | _aمحمد احمد قمر | |
| 245 | 1 | 0 |
_aالالات المنزلية والمحركات التاثيرية / _cمحمد احمد قمر |
| 260 |
_a[S.N] : _bدار الراتب الجامعية ، _c1984 |
||
| 300 | _a493 ص | ||
| 490 | _a | ||
| 650 | 0 | 4 | _aالتكنولوجيا |
| 650 | 0 | 4 | _aالالات |
| 650 | 0 | 4 | _aالالات الكهربائية |
| 650 | 0 | 4 | _aالمحركات |
| 942 |
_2ddc _cBK |
||
| 999 |
_c33077 _d33077 |
||